| 000 | 00659nam a2200205 u 4500 | ||
|---|---|---|---|
| 005 | 20230617063528.0 | ||
| 008 | 150901s2009 r 000 0 eng d | ||
| 020 | _a9788498676198 | ||
| 035 | _aUPN01000205544 | ||
| 049 | _aI | ||
| 050 | 4 |
_aGV182.9 _bS7.5 |
|
| 100 | 1 |
_aStephens, Sarah Hines _938285 |
|
| 245 | 1 | 0 |
_aMira cómo lo hago : _bcómo hacer absolutamente todo paso a paso / _cSarah Hines Stephens, Bethany Mann. |
| 260 |
_aBarcelona, Esp. : _bMolino, _c2009. |
||
| 300 |
_a199 p. : _bil. |
||
| 534 |
_PTítulo original : _tShow off |
||
| 650 | 4 |
_aRECREACION - _vLITERATURA JUVENIL _924581 |
|
| 650 | 4 |
_aRecreación y juego _915377 |
|
| 905 | _aLibro | ||
| 999 |
_c177645 _d177645 |
||